000 00627nam a2200181Ia 4500
008 100920s9999 xx 000 0 und d
082 _b36422
_a28 व 51 थ 64
100 _aजोशी प्रल्हाद नरहर.
245 _aवॉल्ट डिस्ने.
260 _bव्हीनस प्रकाशन,पुणे.
_c1964
300 _a29
_bसाधी
365 _b1.5
520 _aबा. वि चरित्र.
630 _aवॉल्ट डिस्ने.
650 _aबा. वि चरित्र.
730 _aवॉल्ट डिस्ने.
942 _cBOOK
999 _c689567
_d689564